[Event "Oberfranken-ch op 0607"]
[Site "Schney"]
[Date "2007.01.03"]
[Round "4"]
[White "Kolbeck, Lukas"]
[Black "Theiss, Karsten"]
[Result "0-1"]
[WhiteElo "1111"]
[BlackElo "1066"]
[PlyCount "116"]
[EventDate "2007.01.02"]
[EventType "swiss"]
[EventRounds "9"]
[EventCountry "GER"]
[SourceTitle "EXT 2024"]
[Source "ChessBase"]
[SourceDate "2023.10.10"]
[SourceVersion "1"]
[SourceVersionDate "2023.10.10"]
[SourceQuality "1"]

1. e4 e5 2. Nc3 Bc5 3. Nf3 Nc6 4. Bc4 h6 5. 0-0 Nf6 6. h3 d6 7. d3 Be6 8. Bxe6 fxe6 9. Be3 Bb6 10. Qd2 Nd4 11. Bxd4 Bxd4 12. Rad1 0-0 13. b3 Bxc3 14. Qxc3 Qe7 15. Rfe1 Nh5 16. Rd2 Qf7 17. d4 exd4 18. Qxd4 Qg6 19. Nh4 Qg5 20. e5 Rf4 21. Qe3 Rxh4 22. Qxg5 hxg5 23. exd6 cxd6 24. Rxe6 Nf6 25. Rdxd6 Rc8 26. c4 Re4 27. Rxe4 Nxe4 28. Rd7 Nc5 29. Rd5 b6 30. Rxg5 Rd8 31. Rg3 Rd1+ 32. Kh2 Rd2 33. a4 Nxb3 34. Rxb3 Rxf2 35. h4 Rf4 36. h5 Rxc4 37. Ra3 Rh4+ 38. Kg3 Rxh5 39. Kg4 Ra5 40. Kf4 b5 41. Ke3 Rxa4 42. Rd3 b4 43. Rd1 Ra2 44. g4 a5 45. Rb1 Ra3+ 46. Kd2 Rc3 47. Rb2 Rc4 48. Ra2 b3 49. Rb2 Rc2+ 50. Rxc2 bxc2 51. Kxc2 Kf7 52. Kb3 Kf6 53. Ka4 Kg5 54. Kxa5 Kxg4 55. Kb4 Kf3 56. Kc3 g5 57. Kd2 Kf2 58. Kd3 g4 0-1